Industrial Psychology
Պահպանված է:
| Հիմնական հեղինակ: | |
|---|---|
| Ձևաչափ: | Գիրք |
| Լեզու: | անգլերեն |
| Հրապարակվել է: |
Anne Books
2017
|
| Ցուցիչներ: |
Ավելացրեք ցուցիչ
Չկան պիտակներ, Եղեք առաջինը, ով նշում է այս գրառումը!
|
MARC
| LEADER | 00000nam a22000007a 4500 | ||
|---|---|---|---|
| 008 | 210913b ||||| |||| 00| 0 eng d | ||
| 020 | |a 9789386761309 | ||
| 100 | |a AKHTAR, Firoz | ||
| 245 | |a Industrial Psychology |c Firoz Akhar |g vi, 264p. | ||
| 260 | |b Anne Books |c 2017 |h New Delhi |i 697020 |i 697021 |l HF 5548.8.AK4 |m Psychology , Industrial |m Personnel management | ||
| 500 | |a It includes bibliography and index | ||
| 942 | |a lcc |c BK |e ADEYEYE Y. S. |f 13- 09 - 2021 | ||
| 952 | |0 0 |1 0 |2 lcc |4 0 |6 HF55488 A K4 |7 0 |9 3545 |a HOL |b HOL |c GJ |d 2021-09-13 |l 0 |o HF 5548 . 8 AK4 |p 2021-67273 |r 2021-09-13 00:00:00 |w 2021-09-13 |y BK | ||
| 952 | |0 0 |1 0 |2 lcc |4 0 |6 HF55488 A K4 |7 0 |9 3546 |a HOL |b SSL |c GJ |d 2021-09-13 |l 0 |o HF 5548 . 8 AK4 |p 2021-67274 |r 2021-09-13 00:00:00 |w 2021-09-13 |y BK | ||
| 999 | |c 1756 |d 1756 | ||